Corporate Finanace (Record no. 1997)

MARC details
005 - DATE AND TIME OF LATEST TRANSACTION
control field 20250506105519.0
020 ## - INTERNATIONAL STANDARD BOOK NUMBER
International Standard Book Number 978-0-07-059788-4
082 ## - DEWEY DECIMAL CLASSIFICATION NUMBER
Classification number 658. 15 ROS
100 ## - MAIN ENTRY--PERSONAL NAME
Author name ROSS, S. A.
245 ## - TITLE STATEMENT
Title Corporate Finanace
250 ## - EDITION STATEMENT
Edition statement 7th Ed.
260 ## - PUBLICATION, DISTRIBUTION, ETC.
Place of publication, distribution, etc. New York,
Name of publisher, distributor, etc. McGraw-Hill,
Date of publication, distribution, etc. 2005.
300 ## - PHYSICAL DESCRIPTION
Extent xxxiii, 942p.: ill.; figure, graph, table.
Other physical details Glossary, index.
Dimensions 26cm.
700 ## - ADDED ENTRY--PERSONAL NAME
Other authors/Editors WESTERFIELD, R. W. & JAFFE, J.
856 ## - ELECTRONIC LOCATION AND ACCESS
Link text Access online book
Electronic name Corporate Finanace
Path www.mhhe.com/rwj.
942 ## - ADDED ENTRY ELEMENTS (KOHA)
Source of classification or shelving scheme Dewey Decimal Classification
Koha item type Books
Holdings
Date last seen Total checkouts Full call number Barcode Cost, replacement price Price effective from Koha item type Lost status Source of classification or shelving scheme Damaged status Not for loan Withdrawn status Home library Current library Shelving location Date acquired Cost, normal purchase price
05/06/2025   658. 15 ROS 0000007701 150000.00 05/06/2025 Books   Dewey Decimal Classification       College of Business Education Main Library College of Business Education Main Library General Collection 06/03/2015 50000.00